Municipios de Colima - Estadísticas

Estadísticas generales
  • Esta prueba ha sido intentada 26 veces
  • La puntuación promedio es 7 de 10
Estadísticas de respuestas
Hint Respuesta % Correcto
Más Este Colima
100%
Más Oeste Manzanillo
92%
Sur Armería
77%
Más Sur Tecomán
77%
Centro Villa de Álvarez
77%
Centro Coquimatlán
69%
Este Cuauhtémoc
69%
Norte Minatitlán
69%
Más Norte Comala
62%
Este Ixtlahuacán
38%
No se encontraron pruebas coincidentes
Distribución de puntuación
Porcentaje de gente con cada puntuación
Porcentaje por número respondido
Historial de tus puntuaciones
No has intentado esta prueba.